000 00673cam a22002173a 4500
001 39090
003 PGUSA
005 20140828083851.0
008 120310s2012||||xxu|||||s|||||000 | eng d
040 _aPGUSA
_beng
042 _adc
100 1 _aJohnston, Annie F.
_q(Annie Fellows),
_d1863-1931
245 1 0 _aTravelers Five Along Life's Highway
_h[electronic resource] /
_cAnnie F. Johnston
260 _bProject Gutenberg,
_c2012
506 _aPublic domain in the USA.
516 _aElectronic text
700 1 _aGarrett, Edmund H.
_q(Edmund Henry),
_d1853-1929
830 0 _aProject Gutenberg
_v39090
856 4 0 _uhttp://www.gutenberg.org/ebooks/39090
942 _cEB
999 _c268343
_d268343